LEADER 01198nam a2200301 i 4500 001 991001311779707536 008 051109s1963 be b 001 0 fre d 035 $ab13353196-39ule_inst 040 $aDip.to Filologia Class. e Scienze Filosofiche$bita 041 0 $afre$asyr 082 $a281 100 0 $aPhiloxenus :$cMabbugensis$0424796 245 10$aLettre aux moines de Senoun /$cPhiloxène de Mabbog ; editée [et traduite] par André de Halleux 260 $aLouvain :$bSecretariat du CorpuSCO,$c1963 300 $aXV, 100 p. ;$c25 cm 440 0$aCorpus scriptorum Christianorum Orientalium ;$v231 440 0$aCorpus scriptorum Christianorum Orientalium.$pScriptores Syri ;$v98 500 $aTesto siriaco 504 $aContiene riferimenti bibliografici 650 4$aMonofisiti 650 4$aOrdini religiosi 700 1 $aHalleux, André :$cde 907 $a.b13353196$b02-04-14$c09-11-05 912 $a991001311779707536 945 $aLE007 Sala A CSCO Scr. Syri 98$g1$i2007000097380$lle007$op$pE25.00$q-$rl$s- $t0$u0$v0$w0$x0$y.i14148535$z09-11-05 996 $aLettre aux moines de senoun$9575147 997 $aUNISALENTO 998 $ale007$b09-11-05$cm$da $e-$ffre$gbe $h0$i0